[Event "Pardubice Czech op-D 28th"]
[Site "Pardubice"]
[Date "2017.07.28"]
[Round "8"]
[White "Konopka, Filip"]
[Black "Ellemund, Gabriel"]
[Result "1-0"]
[WhiteElo "1568"]
[BlackElo "1675"]
[PlyCount "113"]
[EventDate "2017.07.22"]
[EventType "swiss"]
[EventRounds "9"]
[EventCountry "CZE"]
[SourceTitle "CBM 179 Extra"]
[Source "ChessBase"]
[SourceDate "2017.08.23"]
[SourceVersion "1"]
[SourceVersionDate "2017.08.23"]
[SourceQuality "1"]

1. e4 e5 2. Nf3 Nc6 3. d4 exd4 4. Nxd4 Bc5 5. Be3 Qf6 6. c3 Nge7 7. Be2 d5 8. Bf3 dxe4 9. Bxe4 Ne5 10. Qe2 0-0 11. h3 c6 12. Nxc6 Bxe3 13. Nxe7+ Qxe7 14. Qxe3 Re8 15. f3 Qh4+ 16. Kf1 Bd7 17. Na3 Rac8 18. Qxa7 b6 19. Qa6 Ng4 20. g3 Qxg3 21. hxg4 Rxe4 22. Qd3 Rf4 23. Qxh7+ Kf8 24. Qh8+ Ke7 25. Qh4+ Qxh4 26. Rxh4 g5 27. Re1+ Kf6 28. Rh6+ Kg7 29. Rxb6 Bxg4 30. Kg2 Bxf3+ 31. Kg3 Bd5 32. Re5 Rf3+ 33. Kg4 Rf4+ 34. Kxg5 f6+ 35. Kxf4 fxe5+ 36. Kxe5 Bxa2 37. Nc2 Kf7 38. Nd4 Ke7 39. Rb7+ Kd8 40. Kd6 Bc4 41. Nc6+ Ke8 42. Rh7 Bg8 43. Rb7 Ra8 44. Rb8+ Rxb8 45. Nxb8 Bb3 46. Na6 Kd8 47. Nc5 Bd1 48. b4 Be2 49. Nb7+ Kc8 50. Na5 Bf3 51. b5 Kb8 52. b6 Bg2 53. c4 Bf3 54. c5 Bg2 55. c6 Bf3 56. c7+ Kc8 57. b7+ 1-0

[Event "Pardubice Czech op-D 28th"]
[Site "Pardubice"]
[Date "2017.07.22"]
[Round "1"]
[White "Ellemund, Gabriel"]
[Black "Ivanova, Darya"]
[Result "1-0"]
[WhiteElo "1675"]
[BlackElo "1258"]
[PlyCount "39"]
[EventDate "2017.07.22"]
[EventType "swiss"]
[EventRounds "9"]
[EventCountry "CZE"]
[SourceTitle "CBM 179 Extra"]
[Source "ChessBase"]
[SourceDate "2017.08.23"]
[SourceVersion "1"]
[SourceVersionDate "2017.08.23"]
[SourceQuality "1"]

1. d4 Nf6 2. Bf4 Nc6 3. e3 e6 4. Nf3 Be7 5. Nbd2 Nh5 6. Bg3 Nxg3 7. hxg3 0-0 8. Bd3 d5 9. Bxh7+ Kh8 10. Ne5 Nxe5 11. Qh5 Bg5 12. Bd3+ Bh6 13. Qxe5 Kg8 14. Nf3 Qe7 15. 0-0-0 c5 16. dxc5 Qxc5 17. Rxh6 gxh6 18. Qf6 e5 19. Qxh6 Qc6 20. Qh7# 1-0